[Event "Titled Tuesday intern op 12th Sep Late"]
[Site "Chess.com INT"]
[Date "2023.09.12"]
[Round "3"]
[White "Niemann, Hans Moke"]
[Black "Sorkin, Igor"]
[Result "1-0"]
[WhiteElo "2667"]
[BlackElo "2385"]
[PlyCount "107"]
[EventDate "2023.09.12"]
[EventType "swiss (blitz)"]
[EventRounds "11"]
[EventCountry "USA"]
[SourceTitle "EXT 2024"]
[Source "ChessBase"]
[SourceDate "2023.10.10"]
[SourceVersion "1"]
[SourceVersionDate "2023.10.10"]
[SourceQuality "1"]

1. e4 c5 2. Nf3 Nc6 3. Bb5 d6 4. 0-0 Bd7 5. c3 Nf6 6. Re1 Ne5 7. Nxe5 dxe5 8. a4 e6 9. Na3 Be7 10. Nc4 Qc7 11. d3 0-0 12. Bxd7 Nxd7 13. Be3 Rfd8 14. Qe2 b6 15. Rf1 Bd6 16. g3 a6 17. f4 b5 18. Nd2 Nb6 19. a5 Na4 20. fxe5 Bxe5 21. Nf3 Bd6 22. Rfc1 c4 23. dxc4 Bc5 24. Nd4 e5 25. cxb5 axb5 26. Nxb5 Bxe3+ 27. Qxe3 Qxa5 28. c4 Qb4 29. Nc7 Ra5 30. Nd5 Nxb2 31. Rxa5 Qxa5 32. Ne7+ Kh8 33. Nc6 Qd2 34. Qxd2 Rxd2 35. c5 Nd3 36. Rc3 f5 37. exf5 e4 38. Nd4 Rd1+ 39. Kg2 Ne1+ 40. Kf2 Rxd4 41. Kxe1 Rd7 42. c6 Rc7 43. Ke2 Kg8 44. Ke3 Kf7 45. Kxe4 Ke7 46. Kd5 Kd8 47. Kd6 Rf7 48. g4 h5 49. h3 hxg4 50. hxg4 g6 51. c7+ Kc8 52. Ke6 Rg7 53. f6 Rd7 54. f7 1-0

[Event "Titled Tuesday intern op 05th Sep Early"]
[Site "Chess.com INT"]
[Date "2023.09.05"]
[Round "6"]
[White "Dubov, Daniil"]
[Black "Sorkin, Igor"]
[Result "1-0"]
[WhiteElo "2710"]
[BlackElo "2385"]
[PlyCount "115"]
[EventDate "2023.09.05"]
[EventType "swiss (blitz)"]
[EventRounds "11"]
[EventCountry "USA"]
[SourceTitle "EXT 2024"]
[Source "ChessBase"]
[SourceDate "2023.10.10"]
[SourceVersion "1"]
[SourceVersionDate "2023.10.10"]
[SourceQuality "1"]

1. c4 g6 2. g3 Bg7 3. Bg2 d6 4. Nc3 e5 5. Nf3 Ne7 6. 0-0 Nd7 7. d4 0-0 8. dxe5 dxe5 9. Qc2 Nc6 10. Bg5 f6 11. Be3 Nb6 12. Rfd1 Qe7 13. Nd5 Qf7 14. Rd2 Bf5 15. Qc3 Be6 16. Rad1 e4 17. Ne1 f5 18. Qc1 Rfd8 19. Bg5 Rd7 20. f3 Nxd5 21. cxd5 Rxd5 22. fxe4 Rxd2 23. Qxd2 fxe4 24. Bxe4 Bxa2 25. Nf3 Re8 26. Bd3 Nd4 27. Rf1 Qd7 28. Kg2 Bd5 29. e4 Be6 30. Rf2 Bh3+ 31. Kg1 Kh8 32. Be3 Nxf3+ 33. Rxf3 Bg4 34. Rf4 Be5 35. Rf2 Rd8 36. Bg5 Re8 37. Kh1 Bd4 38. Bc4 Bg7 39. Qxd7 Bxd7 40. Rf7 Bc6 41. Bd5 Bxd5 42. exd5 Be5 43. b4 Kg8 44. Rd7 b6 45. b5 Bd6 46. Bf4 Bxf4 47. gxf4 Re1+ 48. Kg2 Rc1 49. Kf3 Rc5 50. Ke4 Rxb5 51. Rxc7 a6 52. Ke5 Kf8 53. Kf6 Ke8 54. Ke6 Kd8 55. Rxh7 a5 56. Rh8+ Kc7 57. d6+ Kc6 58. Rc8+ 1-0

[Event "Titled Tuesday intern op 05th Sep Early"]
[Site "Chess.com INT"]
[Date "2023.09.05"]
[Round "1"]
[White "Evdokimov, Alexey2222"]
[Black "Sorkin, Igor"]
[Result "0-1"]
[WhiteElo "2227"]
[BlackElo "2385"]
[PlyCount "84"]
[EventDate "2023.09.05"]
[EventType "swiss (blitz)"]
[EventRounds "11"]
[EventCountry "USA"]
[SourceTitle "EXT 2024"]
[Source "ChessBase"]
[SourceDate "2023.10.10"]
[SourceVersion "1"]
[SourceVersionDate "2023.10.10"]
[SourceQuality "1"]

1. Nf3 g6 2. d4 Bg7 3. c4 d6 4. Nc3 Nd7 5. e4 e5 6. Be2 Ne7 7. 0-0 0-0 8. Re1 c5 9. d5 h6 10. Nb5 Nf6 11. Nd2 Nh7 12. Rb1 f5 13. b4 b6 14. a4 a5 15. bxc5 bxc5 16. Ba3 Nf6 17. exf5 gxf5 18. Nf3 Ng6 19. Bf1 Rf7 20. Qc2 e4 21. Nd2 Ng4 22. h3 N4e5 23. f3 exf3 24. Nxf3 Nxf3+ 25. gxf3 Be5 26. Re2 Nf4 27. Rxe5 dxe5 28. Bxc5 Rg7+ 29. Kh2 Qg5 30. Qf2 e4 31. fxe4 fxe4 32. Be3 Rf7 33. Nd6 Rf8 34. Nxe4 Qe5 35. Ng3 Nxd5 36. Qd2 Nxe3 37. Bd3 Ra7 38. Rb6 Rg7 39. Rg6 Rxg6 40. Bxg6 Nf1+ 41. Kg2 Qxg3+ 42. Kh1 Nxd2 0-1

[Event "Titled Tuesday intern op 05th Sep Early"]
[Site "Chess.com INT"]
[Date "2023.09.05"]
[Round "2"]
[White "Sorkin, Igor"]
[Black "Ardila, Oscar Humberto"]
[Result "1-0"]
[WhiteElo "2385"]
[BlackElo "1979"]
[PlyCount "147"]
[EventDate "2023.09.05"]
[EventType "swiss (blitz)"]
[EventRounds "11"]
[EventCountry "USA"]
[SourceTitle "EXT 2024"]
[Source "ChessBase"]
[SourceDate "2023.10.10"]
[SourceVersion "1"]
[SourceVersionDate "2023.10.10"]
[SourceQuality "1"]

1. d4 Nf6 2. c4 e6 3. Nf3 Bb4+ 4. Bd2 Qe7 5. Nc3 0-0 6. g3 d6 7. Bg2 Nbd7 8. 0-0 c5 9. Qc2 e5 10. dxc5 Nxc5 11. a3 Bxc3 12. Bxc3 Bg4 13. h3 Bh5 14. Nh4 Rac8 15. Rfd1 Bg6 16. Nxg6 hxg6 17. b3 Rfd8 18. a4 Nh5 19. a5 f5 20. Qb2 Kh7 21. Bb4 Nf6 22. Rac1 Nfe4 23. e3 b6 24. axb6 axb6 25. Ra1 Ra8 26. Be1 Qb7 27. Qc2 Rxa1 28. Rxa1 Ra8 29. Ra2 Ra7 30. b4 Rxa2 31. Qxa2 Nd3 32. Qe2 Nxe1 33. Qxe1 Qa6 34. Bxe4 fxe4 35. Qc3 Qa2 36. c5 bxc5 37. bxc5 Qb1+ 38. Kg2 Qd1 39. cxd6 Qf3+ 40. Kg1 Qd1+ 41. Kg2 Qf3+ 42. Kf1 Qd1+ 43. Qe1 Qxd6 44. Kg2 Qd3 45. Qc1 Qe2 46. h4 Qf3+ 47. Kg1 Qe2 48. Qb1 Qf3 49. Qa1 Kh6 50. Qxe5 Qd1+ 51. Kh2 Qf3 52. Qf4+ Qxf4 53. exf4 Kh5 54. Kh3 Kh6 55. g4 Kh7 56. Kg2 Kg8 57. Kf1 Kf7 58. Ke2 Ke6 59. Ke3 Kd5 60. f3 exf3 61. Kxf3 Kd4 62. f5 gxf5 63. gxf5 Ke5 64. Kg4 Kf6 65. h5 Ke7 66. Kf4 Kf7 67. Kg5 Ke7 68. Kg6 Kf8 69. Kh7 Kf7 70. Kh8 Kf6 71. Kg8 Kxf5 72. Kxg7 Kg5 73. h6 Kf5 74. h7 1-0

[Event "Titled Tuesday intern op 13th Sep Early"]
[Site "Chess.com INT"]
[Date "2022.09.13"]
[Round "1"]
[White "Sorkin, Igor"]
[Black "Jiganchine, Roman"]
[Result "1-0"]
[WhiteElo "2383"]
[BlackElo "2205"]
[PlyCount "49"]
[EventDate "2022.09.13"]
[EventType "swiss (blitz)"]
[EventRounds "11"]
[EventCountry "USA"]
[SourceTitle "EXT 2023"]
[Source "ChessBase"]
[SourceDate "2022.10.05"]
[SourceVersion "1"]
[SourceVersionDate "2022.10.05"]
[SourceQuality "1"]

1. c4 e6 2. g3 d5 3. Bg2 Nf6 4. Nf3 c6 5. 0-0 Be7 6. Qc2 Nbd7 7. d3 0-0 8. e4 dxe4 9. dxe4 Nc5 10. e5 Nfd7 11. b4 Na6 12. a3 Qc7 13. Bb2 b6 14. Nbd2 Bb7 15. Ne4 c5 16. b5 Nab8 17. Nfg5 g6 18. f4 a6 19. a4 Re8 20. Qc3 Nf8 21. Nxf7 Bxe4 22. Bxe4 Nbd7 23. Nh6+ Kg7 24. Bxa8 Kxh6 25. Bg2 1-0

[Event "Titled Tuesday intern op 16th Aug Early"]
[Site "Chess.com INT"]
[Date "2022.08.16"]
[Round "1"]
[White "Rosenberg, Evan"]
[Black "Sorkin, Igor"]
[Result "1/2-1/2"]
[WhiteElo "1999"]
[BlackElo "2383"]
[PlyCount "59"]
[EventDate "2022.08.16"]
[EventType "swiss (blitz)"]
[EventRounds "11"]
[EventCountry "USA"]
[SourceTitle "EXT 2023"]
[Source "ChessBase"]
[SourceDate "2022.10.05"]
[SourceVersion "1"]
[SourceVersionDate "2022.10.05"]
[SourceQuality "1"]

1. e4 c5 2. Nc3 e6 3. Nge2 a6 4. g3 b5 5. Bg2 Bb7 6. 0-0 d6 7. Re1 Be7 8. d3 Nf6 9. e5 Nd5 10. Nxd5 exd5 11. exd6 Qxd6 12. d4 0-0 13. dxc5 Qxc5 14. Nd4 Bf6 15. c3 Nc6 16. Be3 Nxd4 17. Bxd4 Bxd4 18. cxd4 Qd6 19. a3 Rac8 20. Rc1 Rc4 21. Bf1 Rd8 22. Qd2 Qf6 23. Re5 h6 24. b3 Rxc1 25. Qxc1 Rc8 26. Qe3 g6 27. Re7 Bc6 28. Bh3 Rd8 29. Re5 Kg7 30. Bg2 1/2-1/2

[Event "Titled Tuesday intern op 09th Aug Late"]
[Site "Chess.com INT"]
[Date "2022.08.09"]
[Round "1"]
[White "Leve, Nitai D"]
[Black "Sorkin, Igor"]
[Result "0-1"]
[WhiteElo "2128"]
[BlackElo "2383"]
[PlyCount "68"]
[EventDate "2022.08.09"]
[EventType "swiss (blitz)"]
[EventRounds "11"]
[EventCountry "USA"]
[SourceTitle "EXT 2023"]
[Source "ChessBase"]
[SourceDate "2022.10.05"]
[SourceVersion "1"]
[SourceVersionDate "2022.10.05"]
[SourceQuality "1"]

1. e4 c5 2. Nf3 e6 3. d4 cxd4 4. Nxd4 Bc5 5. Nb3 Bb6 6. Nc3 Ne7 7. Bd3 0-0 8. 0-0 Nbc6 9. Bf4 d5 10. exd5 Nxd5 11. Qh5 g6 12. Qf3 Nxf4 13. Qxf4 e5 14. Qf3 f5 15. Bc4+ Kg7 16. Rad1 Qe8 17. Nd5 Bd8 18. Rfe1 Be6 19. Nc5 Bc8 20. Qc3 Kh6 21. f4 e4 22. Re3 g5 23. fxg5+ Bxg5 24. Rh3+ Kg6 25. Nc7 Qe7 26. Nxa8 Qxc5+ 27. Kh1 Qe5 28. Qb3 f4 29. Rc3 Nd4 30. Qb4 Be7 31. Qa4 b5 32. Bxb5 Nxb5 33. Rc6+ Kg7 34. Qc4 Bg4 0-1

[Event "Titled Tuesday intern op 09th Aug Late"]
[Site "Chess.com INT"]
[Date "2022.08.09"]
[Round "3"]
[White "Sorkin, Igor"]
[Black "Kamsky, Gata"]
[Result "0-1"]
[WhiteElo "2383"]
[BlackElo "2666"]
[PlyCount "82"]
[EventDate "2022.08.09"]
[EventType "swiss (blitz)"]
[EventRounds "11"]
[EventCountry "USA"]
[SourceTitle "EXT 2023"]
[Source "ChessBase"]
[SourceDate "2022.10.05"]
[SourceVersion "1"]
[SourceVersionDate "2022.10.05"]
[SourceQuality "1"]

1. d4 f5 2. Nc3 Nf6 3. Bg5 d5 4. Bxf6 exf6 5. e3 c6 6. Bd3 Be6 7. h4 h5 8. Qf3 g6 9. Nge2 Bd6 10. g3 Nd7 11. a3 a5 12. Nf4 Bf7 13. Bf1 b5 14. Nd3 Qe7 15. Bg2 Nb6 16. 0-0 Kf8 17. Ne2 Kg7 18. c3 g5 19. hxg5 fxg5 20. Ne5 Bxe5 21. dxe5 Qxe5 22. Nd4 g4 23. Qf4 Qxf4 24. exf4 Rac8 25. Nxf5+ Kf6 26. Nd4 Nc4 27. b4 a4 28. Rfe1 h4 29. Bf1 Nd6 30. Re3 hxg3 31. fxg3 Ne4 32. Bg2 Bg6 33. f5 Bf7 34. Rf1 c5 35. Nxb5 cxb4 36. cxb4 Rc2 37. Bxe4 dxe4 38. Nc3 Rch2 39. Nxe4+ Kg7 40. Nf2 Bd5 41. Nxg4 Rg2# 0-1

[Event "Titled Tuesday intern op 09th Aug Late"]
[Site "Chess.com INT"]
[Date "2022.08.09"]
[Round "2"]
[White "Sorkin, Igor"]
[Black "Krstulovic, Alex"]
[Result "1-0"]
[WhiteElo "2383"]
[BlackElo "2381"]
[PlyCount "131"]
[EventDate "2022.08.09"]
[EventType "swiss (blitz)"]
[EventRounds "11"]
[EventCountry "USA"]
[SourceTitle "EXT 2023"]
[Source "ChessBase"]
[SourceDate "2022.10.05"]
[SourceVersion "1"]
[SourceVersionDate "2022.10.05"]
[SourceQuality "1"]

1. d4 Nf6 2. Nf3 d5 3. Bf4 c5 4. e3 Nc6 5. Nbd2 e6 6. c3 cxd4 7. exd4 Nh5 8. Be3 Bd6 9. g3 0-0 10. Ne5 g6 11. Be2 Ng7 12. f4 f6 13. Nd3 e5 14. dxe5 fxe5 15. fxe5 Nxe5 16. Nxe5 Bxe5 17. Nf3 Nf5 18. Bg5 Qd6 19. Qd2 Nxg3 20. hxg3 Bxg3+ 21. Kd1 Bg4 22. Nd4 Rf2 23. Qe3 Bd7 24. Rg1 Rxe2 25. Nxe2 Be5 26. Bf4 Re8 27. Bxe5 Rxe5 28. Qd3 Qb6 29. b3 Bb5 30. c4 dxc4 31. Qd4 Qxd4+ 32. Nxd4 Rd5 33. Rg4 Bd7 34. Re4 Bf5 35. bxc4 Rd8 36. Rf4 Bc8 37. Kc2 g5 38. Rg1 h6 39. Kc3 Kg7 40. Rf2 Kg6 41. Rgf1 g4 42. Rf6+ Kg5 43. Ne6+ Bxe6 44. Rxe6 h5 45. Re5+ Kh4 46. Rh1+ Kg3 47. Rhxh5 Kf2 48. Ref5+ Ke3 49. Rhg5 Rd3+ 50. Kb4 Rd2 51. Rxg4 Rxa2 52. Rgf4 Kd3 53. Rf3+ Ke4 54. R5f4+ Ke5 55. Rf8 Kd6 56. Rd3+ Kc6 57. Rf6+ Kc7 58. Rg3 a6 59. Rg7+ Kb8 60. Kc3 Ka7 61. Rff7 Ra3+ 62. Kb4 Ra1 63. Rxb7+ Ka8 64. Rbf7 a5+ 65. Kb5 Rb1+ 66. Ka6 1-0

[Event "Titled Tuesday intern op 09th Aug Late"]
[Site "Chess.com INT"]
[Date "2022.08.09"]
[Round "5"]
[White "Sorkin, Igor"]
[Black "Ladan, Nicholas John"]
[Result "1-0"]
[WhiteElo "2383"]
[BlackElo "2149"]
[PlyCount "45"]
[EventDate "2022.08.09"]
[EventType "swiss (blitz)"]
[EventRounds "11"]
[EventCountry "USA"]
[SourceTitle "EXT 2023"]
[Source "ChessBase"]
[SourceDate "2022.10.05"]
[SourceVersion "1"]
[SourceVersionDate "2022.10.05"]
[SourceQuality "1"]

1. d4 d5 2. Nf3 Nf6 3. Bf4 c5 4. e3 Nc6 5. Nbd2 cxd4 6. exd4 Bf5 7. c3 e6 8. Qb3 Bd6 9. Ne5 0-0 10. Qxb7 Na5 11. Qa6 Rb8 12. Nxf7 Bxf4 13. Nxd8 Rxb2 14. Nf3 Rxd8 15. Qxa5 Rdb8 16. Be2 Rc2 17. Bd1 Rxf2 18. Kxf2 Rb2+ 19. Ke1 Be3 20. Be2 Ng4 21. Qd8+ Kf7 22. Ne5+ Nxe5 23. dxe5 1-0

[Event "Titled Tuesday intern op 02nd Aug Early"]
[Site "Chess.com INT"]
[Date "2022.08.02"]
[Round "2"]
[White "Sorkin, Igor"]
[Black "Khripachenko, Alexander"]
[Result "1/2-1/2"]
[WhiteElo "2383"]
[BlackElo "2137"]
[PlyCount "38"]
[EventDate "2022.08.02"]
[EventType "swiss (blitz)"]
[EventRounds "11"]
[EventCountry "USA"]
[SourceTitle "EXT 2023"]
[Source "ChessBase"]
[SourceDate "2022.10.05"]
[SourceVersion "1"]
[SourceVersionDate "2022.10.05"]
[SourceQuality "1"]

1. d4 d5 2. Nf3 Nf6 3. Bf4 c5 4. e3 Nc6 5. Nbd2 Nh5 6. dxc5 Nxf4 7. exf4 e6 8. Nb3 Qf6 9. Bb5 Qxf4 10. 0-0 Bd7 11. Re1 Be7 12. g3 Qb4 13. a4 a6 14. c3 Qg4 15. Be2 Qh3 16. Bf1 Qh5 17. Be2 Qh3 18. Bf1 Qh5 19. Be2 Qh3 1/2-1/2

[Event "Titled Tuesday intern op 26th Jul Early"]
[Site "Chess.com INT"]
[Date "2022.07.26"]
[Round "3"]
[White "Dubov, Daniil"]
[Black "Sorkin, Igor"]
[Result "1-0"]
[WhiteElo "2702"]
[BlackElo "2383"]
[PlyCount "67"]
[EventDate "2022.07.26"]
[EventType "swiss (blitz)"]
[EventRounds "11"]
[EventCountry "USA"]
[SourceTitle "EXT 2023"]
[Source "ChessBase"]
[SourceDate "2022.10.05"]
[SourceVersion "1"]
[SourceVersionDate "2022.10.05"]
[SourceQuality "1"]

1. Nf3 g6 2. g3 Bg7 3. Bg2 d6 4. 0-0 Nd7 5. c4 e5 6. Nc3 Ne7 7. d3 0-0 8. Rb1 f5 9. Bd2 h6 10. b4 g5 11. b5 Nf6 12. Qc2 Be6 13. c5 Ng6 14. cxd6 cxd6 15. Rfc1 Rf7 16. Bxg5 hxg5 17. Nxg5 Qe8 18. Nxf7 Qxf7 19. b6 a6 20. Na4 Ne8 21. Qd2 Rb8 22. Qa5 e4 23. dxe4 f4 24. e5 Bxe5 25. Rc7 Nxc7 26. bxc7 Rf8 27. Bf3 fxg3 28. hxg3 Bd4 29. Rxb7 Qf6 30. Rb8 Ne5 31. Rxf8+ Kxf8 32. Qxa6 Nxf3+ 33. exf3 Qf5 34. Qxd6+ 1-0

[Event "Titled Tuesday intern op 26th Jul Early"]
[Site "Chess.com INT"]
[Date "2022.07.26"]
[Round "6"]
[White "Melkumyan, Hrant"]
[Black "Sorkin, Igor"]
[Result "1-0"]
[WhiteElo "2634"]
[BlackElo "2383"]
[PlyCount "125"]
[EventDate "2022.07.26"]
[EventType "swiss (blitz)"]
[EventRounds "11"]
[EventCountry "USA"]
[SourceTitle "EXT 2023"]
[Source "ChessBase"]
[SourceDate "2022.10.05"]
[SourceVersion "1"]
[SourceVersionDate "2022.10.05"]
[SourceQuality "1"]

1. Nf3 g6 2. d4 Bg7 3. c4 d6 4. Nc3 Nd7 5. e4 e5 6. Be2 Ne7 7. h4 h6 8. Be3 Nf6 9. dxe5 Ng4 10. e6 Bxe6 11. Bf4 Ne5 12. Nd2 c6 13. Be3 h5 14. Qc2 Ng4 15. Bg5 Qb6 16. Bxg4 Bxg4 17. 0-0 Qc7 18. Rae1 0-0 19. Nd1 Rfe8 20. Ne3 Bd7 21. Nf3 Kh8 22. b3 Ng8 23. Rd1 Nf6 24. Nd2 Nh7 25. Bf4 Be5 26. Bxe5+ dxe5 27. c5 b5 28. cxb6 axb6 29. Ndc4 Be6 30. a4 Red8 31. Qc3 f6 32. Rc1 c5 33. Na3 Qc6 34. Nb5 Rd7 35. Qc2 Kg7 36. f4 exf4 37. Rxf4 Re8 38. Qf2 Bf7 39. Qf3 Bxb3 40. Nf5+ gxf5 41. Qxb3 Rxe4 42. Rxf5 Rg4 43. Qh3 Rd2 44. Rf3 Qd7 45. Rcf1 Rd1 46. g3 Rd2 47. R1f2 Rd1+ 48. Rf1 Rd2 49. R3f2 Rxf2 50. Rxf2 Qd1+ 51. Kh2 Qxa4 52. Nd6 Qd7 53. Nf5+ Kg6 54. Qf1 Nf8 55. Ne3 Nh7 56. Nxg4 Qxg4 57. Qd3+ Kg7 58. Qb3 Qd4 59. Qf3 c4 60. Re2 Kf7 61. Qxh5+ Kg8 62. Qg6+ Kf8 63. Re8# 1-0

[Event "Titled Tuesday intern op 26th Jul Early"]
[Site "Chess.com INT"]
[Date "2022.07.26"]
[Round "7"]
[White "Sorkin, Igor"]
[Black "Cruz Mendez, Jean Marcos"]
[Result "1-0"]
[WhiteElo "2383"]
[BlackElo "2018"]
[PlyCount "113"]
[EventDate "2022.07.26"]
[EventType "swiss (blitz)"]
[EventRounds "11"]
[EventCountry "USA"]
[SourceTitle "EXT 2023"]
[Source "ChessBase"]
[SourceDate "2022.10.05"]
[SourceVersion "1"]
[SourceVersionDate "2022.10.05"]
[SourceQuality "1"]

1. d4 Nf6 2. Nf3 d5 3. Bf4 e6 4. e3 Bd6 5. Nbd2 Bxf4 6. exf4 Qd6 7. g3 b6 8. c3 0-0 9. h4 Ba6 10. Bxa6 Nxa6 11. Qe2 Nb8 12. 0-0 c5 13. Ne5 Nbd7 14. a3 Rac8 15. Qd3 Qc7 16. Rfe1 cxd4 17. Qxd4 Qc5 18. Nb3 Qxd4 19. Nxd4 Nxe5 20. fxe5 Ne4 21. Kg2 a6 22. a4 Rc7 23. a5 b5 24. Nc2 Nc5 25. Nb4 Ra8 26. f4 Kf8 27. f5 Ke7 28. g4 Kd7 29. Kf3 Kc8 30. h5 Kb7 31. Kf4 Rf8 32. h6 g6 33. Rf1 gxf5 34. gxf5 f6 35. fxe6 Nxe6+ 36. Kf5 Nc5 37. exf6 Rcf7 38. Nxd5 Kc6 39. Rad1 Nd7 40. Kg5 Rg8+ 41. Kf5 Rgf8 42. Rfe1 Rxf6+ 43. Nxf6 Rxf6+ 44. Kg5 Rg6+ 45. Kf5 Rf6+ 46. Kg4 Rg6+ 47. Kf3 Rxh6 48. Re7 Rf6+ 49. Kg2 Rg6+ 50. Kf2 Rf6+ 51. Ke2 Rd6 52. Rxd6+ Kxd6 53. Rxh7 Nc5 54. Rh6+ Kd5 55. b4 Ne4 56. Kd3 Nf2+ 57. Kc2 1-0

[Event "Titled Tuesday intern op 18th Aug"]
[Site "Chess.com INT"]
[Date "2020.08.18"]
[Round "2"]
[White "Sorkin, Igor"]
[Black "Budrewicz, Krzysztof"]
[Result "1-0"]
[WhiteElo "2383"]
[BlackElo "2227"]
[PlyCount "51"]
[EventDate "2020.08.18"]
[EventType "swiss (blitz)"]
[EventRounds "10"]
[EventCountry "USA"]
[SourceTitle "CBM 197 Extra"]
[Source "ChessBase"]
[SourceDate "2020.09.30"]
[SourceVersion "1"]
[SourceVersionDate "2020.09.30"]
[SourceQuality "1"]

1. d4 Nf6 2. Nf3 b6 3. c4 Bb7 4. Nc3 d5 5. cxd5 Nxd5 6. Qc2 e6 7. Bd2 Nd7 8. e4 Nxc3 9. Bxc3 Be7 10. Be2 0-0 11. 0-0 c5 12. Rfd1 Qc7 13. d5 exd5 14. exd5 Bd6 15. h3 h6 16. Qf5 Bc8 17. Qh5 Re8 18. Bb5 a6 19. Bc6 Bb7 20. Qg4 Ne5 21. Nxe5 Bxe5 22. Bxe8 Rxe8 23. d6 Qd8 24. d7 Re7 25. Bxe5 Rxe5 26. Re1 1-0

[Event "Titled Tuesday intern op 14th July"]
[Site "Chess.com INT"]
[Date "2020.07.14"]
[Round "8"]
[White "Sorkin, Igor"]
[Black "Munkhzul, Turmunkh"]
[Result "0-1"]
[WhiteElo "2383"]
[BlackElo "2278"]
[PlyCount "78"]
[EventDate "2020.07.14"]
[EventType "swiss (blitz)"]
[EventRounds "10"]
[EventCountry "USA"]
[SourceTitle "CBM 197 Extra"]
[Source "ChessBase"]
[SourceDate "2020.09.30"]
[SourceVersion "1"]
[SourceVersionDate "2020.09.30"]
[SourceQuality "1"]

1. c4 e5 2. g3 Nf6 3. Bg2 d5 4. cxd5 Nxd5 5. Nc3 Nb6 6. Nf3 Nc6 7. 0-0 Be7 8. Rb1 0-0 9. b4 a6 10. a4 Bf5 11. b5 Nd4 12. d3 axb5 13. axb5 f6 14. Nh4 Bg4 15. h3 Na4 16. Nxa4 Bxe2 17. Qd2 Bxf1 18. Qa2+ Kh8 19. Bxf1 f5 20. Ng2 Nf3+ 21. Kh1 Qd4 22. Qe2 Qxa4 23. Qxf3 Qc2 24. Bg5 Qxb1 25. Bxe7 Qxf1+ 26. Kh2 Rf7 27. Ne3 Qxd3 28. Qxb7 Rg8 29. Bc5 Qe2 30. Nd5 f4 31. g4 f3 32. Kg3 Qf1 33. Be3 Qg2+ 34. Kh4 h6 35. g5 hxg5+ 36. Bxg5 Qxf2+ 37. Kh5 Qg3 38. h4 g6+ 39. Kh6 Rh7# 0-1

[Event "Titled Tuesday intern op 14th July"]
[Site "Chess.com INT"]
[Date "2020.07.14"]
[Round "7"]
[White "Vazquez, Guillermo"]
[Black "Sorkin, Igor"]
[Result "1-0"]
[WhiteElo "2527"]
[BlackElo "2383"]
[PlyCount "133"]
[EventDate "2020.07.14"]
[EventType "swiss (blitz)"]
[EventRounds "10"]
[EventCountry "USA"]
[SourceTitle "CBM 197 Extra"]
[Source "ChessBase"]
[SourceDate "2020.09.30"]
[SourceVersion "1"]
[SourceVersionDate "2020.09.30"]
[SourceQuality "1"]

1. e4 d6 2. d4 Nf6 3. Nc3 e5 4. Nf3 Nbd7 5. h3 c6 6. a4 Be7 7. g4 0-0 8. Bg2 Qc7 9. 0-0 h6 10. Be3 b6 11. Nh4 Re8 12. Nf5 Bf8 13. Qd2 Bb7 14. Rad1 Rad8 15. f4 exd4 16. Bxd4 Nh7 17. Bf2 Nc5 18. Bh4 Rd7 19. g5 h5 20. Bf2 Ne6 21. h4 a6 22. Ne2 Nc5 23. Nc3 Ne6 24. b3 b5 25. axb5 axb5 26. Ne2 g6 27. Nh6+ Bxh6 28. gxh6 c5 29. Ng3 Nef8 30. f5 Nf6 31. Rde1 Ng4 32. Nxh5 Nxf2 33. Rxf2 Nh7 34. Ng3 Qd8 35. Qf4 Qf6 36. fxg6 Qxg6 37. Nf5 Kh8 38. Re3 Qf6 39. Rg3 d5 40. Rg7 dxe4 41. Ne3 Qxf4 42. Rxf4 Bc6 43. Rfxf7 Rxf7 44. Rxf7 Rg8 45. Rc7 Ba8 46. Rxc5 Nf6 47. Rxb5 Kh7 48. Rg5 Kxh6 49. Ng4+ Nxg4 50. Rxg8 Ne3 51. c4 Bb7 52. Rg5 Nc2 53. Rb5 Bc8 54. Bxe4 Nd4 55. Rb6+ Kh5 56. Kf2 Bg4 57. Ke3 Ne6 58. Rxe6 Bxe6 59. Kd4 Kxh4 60. b4 Bc8 61. b5 Kg5 62. c5 Kf6 63. c6 Ke7 64. Kc5 Kd8 65. Kd6 Be6 66. b6 Bc8 67. b7 1-0

[Event "Titled Tuesday intern op 7th July"]
[Site "Chess.com INT"]
[Date "2020.07.07"]
[Round "3"]
[White "Shevchenko, Kirill"]
[Black "Sorkin, Igor"]
[Result "1-0"]
[WhiteElo "2592"]
[BlackElo "2383"]
[PlyCount "123"]
[EventDate "2020.07.07"]
[EventType "swiss (blitz)"]
[EventRounds "10"]
[EventCountry "USA"]
[SourceTitle "CBM 197 Extra"]
[Source "ChessBase"]
[SourceDate "2020.09.30"]
[SourceVersion "1"]
[SourceVersionDate "2020.09.30"]
[SourceQuality "1"]

1. e4 d6 2. d4 Nf6 3. Nc3 e5 4. Nf3 Nbd7 5. Bc4 Be7 6. a4 0-0 7. 0-0 c6 8. Re1 exd4 9. Nxd4 Ne5 10. Bb3 Qc7 11. f4 Ng6 12. Nf5 Re8 13. Nxe7+ Rxe7 14. f5 Ne5 15. Bg5 Neg4 16. Qd4 d5 17. h3 c5 18. Qd2 Qh2+ 19. Kf1 Nxe4 20. Nxe4 Qh1+ 21. Ke2 Rxe4+ 22. Kd1 Rxe1+ 23. Qxe1 Nf2+ 24. Ke2 Qxe1+ 25. Rxe1 Ne4 26. Bxd5 Nxg5 27. h4 Nh3 28. gxh3 Bxf5 29. Kd2 Rd8 30. Kc3 b6 31. Re7 Bg6 32. Rxa7 h5 33. Bc4 Rd4 34. Rb7 Rxh4 35. b3 Rxh3+ 36. Kb2 Rh2 37. Rxb6 Rxc2+ 38. Ka3 h4 39. Bd5 Rd2 40. Bb7 Bb1 41. b4 c4 42. b5 c3 43. Rc6 c2 44. Rc8+ Kh7 45. a5 g6 46. a6 Rd8 47. Kb2 Rd4 48. a7 Rb4+ 49. Kc1 Ra4 50. a8Q Rxa8 51. Bxa8 g5 52. b6 Ba2 53. b7 Bd5 54. b8Q Be6 55. Rh8+ Kg6 56. Qg8+ Kf6 57. Qd8+ Kf5 58. Rg8 f6 59. Qd3+ Ke5 60. Qxc2 h3 61. Qe2+ Kf5 62. Qe4# 1-0

[Event "Titled Tuesday intern op 30th June"]
[Site "Chess.com INT"]
[Date "2020.06.30"]
[Round "1"]
[White "Bykhovsky, Avigdor"]
[Black "Sorkin, Igor"]
[Result "0-1"]
[WhiteElo "2405"]
[BlackElo "2383"]
[PlyCount "102"]
[EventDate "2020.06.30"]
[EventType "swiss (blitz)"]
[EventRounds "10"]
[EventCountry "USA"]
[SourceTitle "CBM 197 Extra"]
[Source "ChessBase"]
[SourceDate "2020.09.30"]
[SourceVersion "1"]
[SourceVersionDate "2020.09.30"]
[SourceQuality "1"]

1. Nf3 d6 2. d4 g6 3. c4 Bg7 4. Nc3 Nd7 5. e4 e5 6. Be2 Ne7 7. 0-0 0-0 8. h3 c5 9. dxc5 dxc5 10. Nd5 Nc6 11. Bg5 f6 12. Bd2 Rf7 13. Rb1 Bf8 14. a3 a5 15. b3 Bd6 16. Bd3 Nf8 17. Ne1 Ne6 18. Nc2 f5 19. exf5 gxf5 20. g3 Ned4 21. Nxd4 Nxd4 22. f4 e4 23. Be2 Rg7 24. Kh2 Be6 25. Be3 Bxd5 26. cxd5 Qf6 27. Rg1 Re8 28. Qd2 Bc7 29. d6 Qxd6 30. Rbd1 Rd8 31. b4 axb4 32. axb4 b6 33. bxc5 bxc5 34. Qa2+ Kh8 35. Rd2 Rgd7 36. Rgd1 Qf6 37. Qc4 Bb6 38. Kg2 Rg7 39. Bf2 Rdg8 40. Qc3 Qe7 41. Bc4 Rd8 42. Qb2 Rd6 43. Be3 h5 44. Kh1 Rxg3 45. Bxd4+ cxd4 46. Rxd4 Bxd4 47. Rxd4 Rxd4 48. Qxd4+ Kh7 49. Qd5 Qf6 50. Kh2 Rg7 51. Be2 Qg6 0-1